Responses for Show #1526 - Monday, April 1, 1991

Contestants

[<< previous game]

Eric Miller, a bankruptcy attorney from Baltimore, Maryland

Ann Catlin, a computer programmer from Brick, New Jersey

Dan Avila, a photographer from Los Angeles, California (whose 1-day cash winnings total $5,300)

[next game >>]

Jeopardy! Round responses

FIRST LADIES
ACTORS & THEIR ROLES
AWARDS
MATH
(Alex: This is Math Awareness Month, and the National Council of Teachers of Mathematics have asked us to do something in honor of National Math Awareness Month, and that's why we've got that category. We'll find out how well it plays in a few moments.)
COOKING
CATCHING SOME "Z"s
    $100 5
Barbara Bush

Ann
    $100 1
10

Ann
    $100 10
the Cy Young Award

Dan
    $100 15
equilateral

Dan
    $100 21
cream

Dan
    $100 26
zoo

Eric
    $200 6
Mary Todd Lincoln

Ann
    $200 2
Jack

Ann
    $200 11
Calvin & Hobbes

Dan
    $200 16
(Dan: What is division?)

subtraction

DanAnn
    $200 22
suet

Dan
    $200 27
zing

Dan
    $300 7
(Ann: Who is, um, Betty Ford?)

Nancy Reagan

AnnEric
    $300 3
Butterfly McQueen

Ann
    $300 12
the Golden Fleece Award

Eric
    $300 17
fractions

Ann
    $300 23
patty

Dan
    $300 28
Zorro

Dan
    $500 8
(Eric: Who is Martha Washington?)

Abigail Adams

Eric
    $400 4
Perry King

Eric
    $400 13
science fiction

Ann
    $400 18
Earth & measure

Eric
    $400 24
vinegar

Eric
    $400 29
Ziggy

Eric
    $500 9
Claudia Alta Taylor (Lady Bird Johnson)

Triple Stumper
    $500 14
Ace

Ann
    $500 20
(Dan: What are the Daily--uh, what are the Daily News?)
(Eric: What is the New York Times?)

the Village Voice

DanEric
Triple Stumper
    $500 19
a quadrant

Eric
    $500 25
a sponge cake

Triple Stumper
    $500 30
(Ann: What is Zen?)

Zoroastrianism

AnnEric

Scores at the first commercial break (after clue 12):

Dan Ann Eric
$300 $600 $500

Scores at the end of the Jeopardy! Round:

Dan Ann Eric
$800 $1,500 $2,300

Double Jeopardy! Round responses

ANCIENT ROME
AUTHORS
AGRICULTURE
BODIES OF WATER
SPACE EXPLORATION
NAME THE ARTIST
    $200 1
the gladiators

Ann
    $200 6
World War I

Eric
    $200 11
Mediterranean

Dan
    $200 21
cosmonaut

Dan
    $200 16
Van Gogh

Dan
    $400 2
the Tiber

Ann
    $400 7
(Sir Walter) Scott

Ann
    $400 24
thresher

Dan
    $400 12
New Zealand

Dan
    $400 22
Gemini

Eric
    $400 17
Gauguin

Ann
    $600 3
Augustus

Dan
    $600 8
(Dan: What is red?)

white

Dan
Triple Stumper
    $600 25
the Soviet Union

Dan
    $600 13
the Rio Grande

Dan
    $800 23
(Michael) Collins

Eric
    $600 18
(Dan: Who is Seurat?)

Édouard Manet

Dan
Triple Stumper
    $800 4
(Alex: They were known as [*]. We still have them today, don't we?)

the censors

Triple Stumper
    $800 9
(Dan: What is Danish?)

Norwegian

Dan
Triple Stumper
    $800 28
(Dan: What is wheat?)
(Eric: What is soy?)
...
(Alex: The Soviet Union grows more wheat than we do, and the other grain is rice, and number one in the production of rice is China.)
[The end-of-round signal sounds.]

corn

DanEric
Triple Stumper
    $800 14
(Ann: What is the Ganges?)

the Brahmaputra

Ann
Triple Stumper
    $800 26
Pluto

Ann
    $800 19
(Dan: Who is Goya?)

El Greco

DanAnn
    $1,400 5
(Dan: Who is Luculus?)
(Alex: Oh, gosh, I think you were on the right track. Who was [*]. The Rape of Lucrece.)

Lucretia

Dan
    $1000 10
Tree

Triple Stumper
    $1000 15
Long Island Sound

Dan
    $1000 27
the Ariane

Triple Stumper
    $1000 20
Degas

Dan

Scores at the end of the Double Jeopardy! Round:

Dan Ann Eric
$1,000 $3,700 $2,900

[wagering suggestions for these scores]

Final Jeopardy! Round responses

NATIONAL ANTHEMS
DanWhat is the Bahamas
$1,000
EricWhat are The Netherlands
$2,900
AnnWhat is the Bahamas?
$2,101
the Netherlands

Final scores:

Dan Ann Eric
$0 $1,599 $5,800
3rd place: Sanyo remote control stereo music system & a Nintendo Entertainment System with Jeopardy! & Wheel of Fortune games 2nd place: Trip to San Juan, Puerto Rico and the island of St. Kitts aboard Delta Airlines New champion: $5,800

Game dynamics:

Coryat scores:

Dan Ann Eric
$2,400 $3,700 $3,200
18 R,
8 W
(including 1 DD)
15 R,
3 W
12 R
(including 1 DD),
3 W
(including 1 DD)

Combined Coryat: $9,300

[game clues] [game scores] [suggest correction]

Game tape date: 1991-02-11
The J! Archive is created by fans, for fans. Scraping, republication, monetization, and malicious use prohibited; this site may use cookies and collect identifying information. See terms. The Jeopardy! game show and all elements thereof, including but not limited to copyright and trademark thereto, are the property of Jeopardy Productions, Inc. and are protected under law. This website is not affiliated with, sponsored by, or operated by Jeopardy Productions, Inc. Join the discussion at JBoard.tv.